Le Degré zéro de l'écriture suivi de Nouveaux essais critiques (Record no. 36127)
[ view plain ]
| 000 -LEADER | |
|---|---|
| fixed length control field | 00718 a2200313 4500 |
| 037 ## - SOURCE OF ACQUISITION | |
| Stock number | 2010 |
| 037 ## - SOURCE OF ACQUISITION | |
| Stock number | 2011 |
| 037 ## - SOURCE OF ACQUISITION | |
| Stock number | 2301 |
| 037 ## - SOURCE OF ACQUISITION | |
| Stock number | 2303 |
| 037 ## - SOURCE OF ACQUISITION | |
| Stock number | 2305 |
| 037 ## - SOURCE OF ACQUISITION | |
| Stock number | 27801 |
| 037 ## - SOURCE OF ACQUISITION | |
| Stock number | 27932 |
| 020 ## - NUMERO INTERNATIONAL NORMALISE DES LIVRES | |
| International Standard Book Number | 2-02-00610-3 |
| 100 ## - VEDETTE PRINCIPALE - NOM DE PERSONNE | |
| Personal name | Barthes, Roland |
| 100 ## - VEDETTE PRINCIPALE - NOM DE PERSONNE | |
| Language of a work | Fr |
| 260 ## - PUBLICATION, DISTRIBUTION, ETC. (IMPRINT) | |
| Place of publication, distribution, etc | Paris |
| 260 ## - PUBLICATION, DISTRIBUTION, ETC. (IMPRINT) | |
| Name of publisher, distributor, etc | Ed. du Seuil |
| 245 ## - TITLE STATEMENT | |
| Title | Le Degré zéro de l'écriture suivi de Nouveaux essais critiques |
| 260 ## - PUBLICATION, DISTRIBUTION, ETC. (IMPRINT) | |
| Date of publication, distribution, etc | 1972 |
| 300 ## - PHYSICAL DESCRIPTION | |
| Extent | 187 p. |
| 300 ## - PHYSICAL DESCRIPTION | |
| Other physical details | 18 cm |
| 440 ## - SERIES STATEMENT/ADDED ENTRY--TITLE | |
| Title | Points |
| 630 ## - SUBJECT ADDED ENTRY--UNIFORM TITLE | |
| Uniform title | 80 - Questions generales en linguistique et litterature. Philologie |
| 650 ## - SUBJECT ADDED ENTRY--TOPICAL TERM | |
| Topical term or geographic name as entry element | 8 - LITTERATURE |
| 650 ## - SUBJECT ADDED ENTRY--TOPICAL TERM | |
| Topical term or geographic name as entry element | écriture |
| 650 ## - SUBJECT ADDED ENTRY--TOPICAL TERM | |
| Topical term or geographic name as entry element | niveau de langue |
| Withdrawn status | Lost status | Damaged status | Not for loan | Location (home branch) | Sublocation or collection (holding branch) | Date acquired | Koha issues (times borrowed) | Koha full call number | Koha date last seen | Price effective from | Koha item type |
|---|---|---|---|---|---|---|---|---|---|---|---|
| Bibliothèque Universitaire Centrale | Bibliothèque Universitaire Centrale | 28/02/2009 | 82-4 BAR | 28/02/2009 | 28/02/2009 | Livre |